1019 1725 1038 1649 1945 1431 1208 1079 1289 1807 1665 1775 1033 1663 1155 1826 1497 1229 1032 1938 1262 1372 1245 1588 1122 1559 1586 1856 1608 1933 1890 1938 1308 1921 1045 1318 1227 1779 1142 1006 1761 1051 1901 1966 1425 1271 1656 1700 1376 1305 1478 1730 1314 1177 1875 1722 1751 1983 1681 1158 1847 1420 1638 1467 1741 1436 1396 1925 1674 1167 1286 1184 1663 1688 1114 1449 1275 1463 1990 1928 1703 1949 1528 1809 1976 1750 1865 1299 1100 1871 1833 1175 1188 1020 1569 1908 1310 1369 1730 BCNSPRNW ULIB Ver.6.0+V

เปลี่ยนเป็นภาษาไทย

Change to English
 แสดงรายละเอียดบรรณานุกรม
  กลับหน้าหลัก

Brief Record : Get Marc (ISO 2709) : E-mail record : QR code < ปิดหน้าต่าง
LEADER : 00000nam 2200000uu 4500
001    13399125565
003     ULIB
008    170630s2559||||th 000 0 tha d
020    ^a9786162237775
060 04 ^aW700^bอ555น
100 0  ^aอัมพร แจ่มสุวรรณ
245 10 ^aนิติเวชคลินิก /^cอัมพร แจ่มสุวรรณ
250    ^aพิมพ์ครั้งที่ 1
260    ^a[ขอนแก่น] :^bภาควิชานิติเวชศาสตร์ คณะแพทยศาสตร์ มหาวิทยาลัยขอนแก่น,^c2559
300    ^a214 หน้า :^bภาพประกอบ ;^c19 ซม.
650  4 ^aนิติเวชวิทยา
650  4 ^aนิติเวชศาสตร์
650  4 ^aการตรวจศพ
710 2  ^aมหาวิทยาลัยขอนแก่น.^bคณะแพทยศาสตร์.^bภาควิชานิติเวชศาสตร์
945    ^p0^l0^i002508
945    ^p0^l0^i002509
945    ^p0^l0^i002510
945    ^p0^l0^i002511
999    ^aวรรณษา ชูชัยมงคล
รายการนี้ยังไม่มีแท็ก
คุณยังไม่ได้ล็อกอิน คุณสามารถมีกิจกรรมร่วมกับเว็บไซต์ได้ แต่ต้องล็อกอินก่อน ::
  ล็อกอิน

รายการสื่อสารสนเทศ

ลำดับที่ ประเภท เลขเรียก/บาร์โค้ด สถานที่ สถานะ
1. วิทยาศาสตร์การแพทย์ และสุขภาพ
วิทยาศาสตร์การแพทย์ และสุขภาพ
สถานะ=หนังสือเก่า
W700 อ555น ฉ.1 
  Barcode: 002508
ห้องสมุดวิทยาเขตสวรรค์ประชารักษ์
►ส่วนจัดเก็บหนังสือเก่า สปร
บนชั้น
  ขอยืม
2. วิทยาศาสตร์การแพทย์ และสุขภาพ
วิทยาศาสตร์การแพทย์ และสุขภาพ
สถานะ=หนังสือเก่า
W700 อ555น ฉ.2 
  Barcode: 002509
ห้องสมุดวิทยาเขตสวรรค์ประชารักษ์
►ส่วนจัดเก็บหนังสือเก่า สปร
บนชั้น
  ขอยืม
3. วิทยาศาสตร์การแพทย์ และสุขภาพ
วิทยาศาสตร์การแพทย์ และสุขภาพ
สถานะ=หนังสือเก่า
W700 อ555น ฉ.3 
  Barcode: 002510
ห้องสมุดวิทยาเขตสวรรค์ประชารักษ์
►ส่วนจัดเก็บหนังสือเก่า สปร
บนชั้น
  ขอยืม
4. วิทยาศาสตร์การแพทย์ และสุขภาพ
วิทยาศาสตร์การแพทย์ และสุขภาพ
สถานะ=หนังสือเก่า
W700 อ555น ฉ.4 
  Barcode: 002511
ห้องสมุดวิทยาเขตสวรรค์ประชารักษ์
►ส่วนจัดเก็บหนังสือเก่า สปร
บนชั้น
  ขอยืม

รายการใกล้เคียง
    ผู้แต่ง [อัมพร แจ่มสุวรรณ]

    หัวเรื่อง [นิติเวชวิทยา]
    หัวเรื่อง [นิติเวชศาสตร์]
    หัวเรื่อง [การตรวจศพ]

BibComment


ยังไม่เคยถูกคอมเมนท์

คอมเมนท์ทรัพยากรรายการนี้
  คอมเมนท์: นิติเวชคลินิก อ..


 Copyright 2026. Bcnsprnw @Library